000 01243nam a2200277 i 4500
001 155876
003 ES-MaACL
005 20230906210232.0
008 040930m18981905fr |||| | lat d
110 2 _aIglesia Católica.
_bPapa (1277-1280: Nicolás III)
_9167944
245 1 4 _aLes registres de Nicolás III (1277-1280)
_b: recueil des bulles de ce Pape, publiées ou analysées d'après les manuscrits originaux des Archives du Vatican /
_cpar Jules Gay.
260 _aParis :
_bAlbert Fontemoing,
_c1898-1905 (
_eToulouse :
_fImp. A. Chauvin et Fils)
300 _a1 v. ;
_c33 cm.
490 1 _aBibliothèque des Ecoles Françaises d'Athènes et de Rome. Secondième série ;
_v14
500 _aDatos tomados de cub.
505 8 _aFascículos: 1 (112 p.) - 2 (208 p.)
594 _aTexto en latín, a dos col.
650 0 4 _aBulas pontificias.
_910642
650 4 _aHistoria eclesiástica-
_yS.XIII-
_vFuentes.
_9167941
700 0 _aNicolás
_bIII
_c, Papa.
_9167945
700 1 _aGay, Jules.
_9127268
752 _aFrancia -
_dParís
830 0 _aBibliothèque des Ecoles Françaises d'Athènes et de Rome. Secondième série ;
_v14
_9221622
852 _aES-MaACL
_jC-7453
_q- Sólo los fasc. 1 y 2
999 _c155876
_d155876